01499nab a22002777a 4500003000400000005001700004008004100021040000700062100002500069245015300094260007300247300001500320500003800335505038800373505008200761650001800843650002000861650001600881650002900897650003500926650002700961650002300988650002001011700003601031773015401067OSt20251223004550.0190429b xxu||||| |||| 00| 0 spa d cPJ aGutiérrez, Ramiro 10aHabeas cogitationem : bla protección de la mente y el pensamiento en épocas de riesgo tecnológico /cRamiro Gutiérrez, José A. Marinaro.  cCiudad Autónoma de Buenos Aires :aThomson Reuters La Ley, b2025. ap. 245-252 a Cita: TR LALEY AR/DOC/2851/2025. aSumario: I. Introducción.— II. Sobre las nuevas rutas regulatorias.— III. Sobre los organismos internacionales.— IV. Sobre la libertad de pensamiento como sustrato básico y omnicomprensivo.— V. Sobre el Principio de Precaución y las dinámicas evolutivas neurotecnológicas.— VI. Argentina da el paso hacia una nueva garantía. Presentación del proyecto de ley.  tSi te interesa el texto completo, solicitalo a koha@justierradelfuego.gov.ar  0aDERECHO PENAL 0aHÁBEAS CORPUS 0aHABEAS DATA 0aTUTELA JUDICIAL EFECTIVA 0aGARANTIAS CONSTITUCIONALES › 0aINFORMACIÓN SENSIBLE 0aLIBERTAD DE CULTOS 0aPROYECTO DE LEY aMarinaro, José Angelecoautor0 02658tRevista de derecho penal y criminología. Nº 11 - Diciembre 2025dCiudad Autónoma de Buenos Aires : Thomson Reuters La Ley, 2017-x00347914